000 00258nam a2200109 a 4500
008 111128s2008|||| d
100 1 _aAmbrowicz, J.
245 1 0 _aRopczyce
_bMiasto i Gmina
260 _bRzeszow
_aJota
_c2008
020 _c150
044 _axo
_cSK
999 _c18339
_d18339